Model tax convention on income and on capital condensed version

Uložené v:
Podrobná bibliografia
Médium: Kniha
Jazyk:English
Vydavateľské údaje: Paris OECD 2014
Predmet:
Tagy: Pridať tag
Žiadne tagy, Buďte prvý, kto otaguje tento záznam!

MARC

LEADER 00000nam$a2200000$$$4500
001 0195364
005 20240315120931.6
020 |a 978-92-64-21115-5 
022 |a 2074-3246 
041 0 |a eng 
044 |a FR 
245 1 0 |a Model tax convention on income and on capital  |b condensed version 
264 1 |a Paris  |b OECD  |c 2014 
300 |a 492 s. 
610 2 0 |a dane 
610 2 0 |a politika daňová 
610 2 0 |a systémy daňové 
610 2 0 |a dane podnikové 
610 2 0 |a zdanenie dvojité 
610 2 0 |a dohody medzinárodné 
610 2 0 |a modely 
610 2 0 |a bilateralita 
610 2 0 |a harmonizácia 
610 2 0 |a dane z príjmov 
610 2 0 |a kapitál 
610 2 0 |a obchod zahraničný 
610 2 0 |a investície zahraničné